[Sammelmappe mit Zeitungsartikeln und weiterem Kleinschrifttum über Scientology]: [1984-1985, 1988, 1991-1998, 2007]
| Format: | Print Book |
|---|---|
| Language: | German |
| Subito Delivery Service: | Order now. |
| Check availability: | HBZ Gateway |
| Interlibrary Loan: | Interlibrary Loan for the Fachinformationsdienste (Specialized Information Services in Germany) |
| Published: |
[Deutschland]
[zwischen 1984 und 2007]
|
| In: | Year: 1984 |
| Further subjects: | B
Scientology
B Scientology-Kirche Deutschland B Church of Scientology International B Dianetics B Hubbard, L. Ron (1911-1986) B New religion |
| Sammlungen: |
MARC
| LEADER | 00000cam a22000002c 4500 | ||
|---|---|---|---|
| 001 | 1878030396 | ||
| 003 | DE-627 | ||
| 005 | 20240114001212.0 | ||
| 007 | tu | ||
| 008 | 240113s1984 xx ||||| 00| ||ger c | ||
| 035 | |a (DE-627)1878030396 | ||
| 035 | |a (DE-599)KXP1878030396 | ||
| 040 | |a DE-627 |b ger |c DE-627 |e rda | ||
| 041 | |a ger | ||
| 084 | |a 0 |2 ssgn | ||
| 084 | |a BE 9250 |2 rvk |0 (DE-625)rvk/10848: | ||
| 245 | 0 | 0 | |a [Sammelmappe mit Zeitungsartikeln und weiterem Kleinschrifttum über Scientology] |b [1984-1985, 1988, 1991-1998, 2007] |
| 264 | 1 | |a [Deutschland] |c [zwischen 1984 und 2007] | |
| 300 | |a 1 Box (121 Einheiten) | ||
| 336 | |a Text |b txt |2 rdacontent | ||
| 337 | |a ohne Hilfsmittel zu benutzen |b n |2 rdamedia | ||
| 338 | |a Band |b nc |2 rdacarrier | ||
| 600 | 1 | 7 | |0 (DE-588)11855400X |0 (DE-627)079351506 |0 (DE-576)164356347 |a Hubbard, L. Ron |d 1911-1986 |2 gnd |
| 601 | |a Kleinschrifttum | ||
| 601 | |a Scientology | ||
| 610 | 2 | 7 | |0 (DE-588)2031428-0 |0 (DE-627)102401519 |0 (DE-576)191829684 |a Scientology-Kirche Deutschland |2 gnd |
| 610 | 2 | 7 | |0 (DE-588)2128442-8 |0 (DE-627)123668441 |0 (DE-576)19438392X |a Church of Scientology International |2 gnd |
| 650 | 0 | 7 | |0 (DE-588)4054027-3 |0 (DE-627)106164384 |0 (DE-576)209106905 |a Scientology |2 gnd |
| 650 | 0 | 7 | |0 (DE-588)4124781-4 |0 (DE-627)105745049 |0 (DE-576)209571047 |a Dianetik |2 gnd |
| 650 | 0 | 7 | |0 (DE-588)4279419-5 |0 (DE-627)104374969 |0 (DE-576)210744189 |a Neue Religion |2 gnd |
| 936 | r | v | |a BE 9250 |b Aus Nordamerika hervorgegangene Gruppen |k Theologie und Religionswissenschaften |k Religionswissenschaft |k Religionsgeschichte |k Religiöse Zeitgeschichte |k Religiöse Bewegungen, Religiöse Strömungen; Neue Religionen |k Einzeldarstellungen |k Sonstige Gruppen nach geografischem Ursprung |k Aus Nordamerika hervorgegangene Gruppen |0 (DE-627)1272625222 |0 (DE-625)rvk/10848: |0 (DE-576)202625222 |
| 951 | |a BO | ||
| ELC | |b 1 | ||
| LOK | |0 000 xxxxxcx a22 zn 4500 | ||
| LOK | |0 001 445746242X | ||
| LOK | |0 003 DE-627 | ||
| LOK | |0 004 1878030396 | ||
| LOK | |0 005 20240325134142 | ||
| LOK | |0 008 240113||||||||||||||||ger||||||| | ||
| LOK | |0 035 |a (DE-Tue135)REMID490705693 | ||
| LOK | |0 040 |a DE-Tue135 |c DE-627 |d DE-Tue135 | ||
| LOK | |0 092 |o n | ||
| LOK | |0 852 |a DE-Tue135 | ||
| LOK | |0 852 1 |9 00 | ||
| LOK | |0 866 |x SPQUE#Universitätsbibliothek Marburg#SPSAM#Archiv des Religionswissenschaftlichen Medien- und Informationsdienstes e. V. (REMID) | ||
| LOK | |0 935 |a remi | ||
| LOK | |0 939 |a 13-01-24 |b l01 | ||
| ORI | |a SA-MARC-ixtheoa001.raw | ||
| REL | |a 1 | ||
| STA | 0 | 0 | |a Dianetics,New religion,New religion,New religious movement,Scientology |
| STB | 0 | 0 | |a Dianétique,Nouvelles religions,Nouvelles religions,Scientologie |
| STC | 0 | 0 | |a Cientología,Dianética,Religión nueva,Religión nueva |
| STD | 0 | 0 | |a Dianetica,Nuove religioni,Nuove religioni,Scientology |
| STE | 0 | 0 | |a 山达基,基督教科学派,新宗教 |
| STF | 0 | 0 | |a 山達基,基督教科學派,新宗教 |
| STG | 0 | 0 | |a Cientologia,Dianética,Religião nova,Religião nova |
| STH | 0 | 0 | |a Дианетика,Новая религия (мотив),Новая религия,Сиентология |
| STI | 0 | 0 | |a Διανοητική,Νέα θρησκεία (μοτίβο),Νέα θρησκεία,Σαηεντολογία,Scientology |
| SUB | |a REL | ||
| SYA | 0 | 0 | |a Hubbard, LaFayette Ron,1911-1986,Hubbard, Ron,1911-1986,Hubbard, Ron L.,1911-1986,Randolph, Barry,1911-1986,Hubbard, Lafayette Ronald,1911-1986,Hubbard, La Fayette Ronald,1911-1986,Hubbard, La Fayette Ron,1911-1986 |
| SYB | 0 | 0 | |a Hubbard Scientology Organisation,Scientology-Kirche,Church of Scientology,Scientology Akademie,Scientology-Organisation , Scientology International,Church of Scientology International,CSI |
| SYE | 0 | 0 | |a Neureligion,Neureligiöse Bewegung,Neue religiöse Bewegung,Neue Glaubensgemeinschaft |



